Cooper and Gunns: Tutorial Pharmacy (Record no. 8408)

MARC details
000 -LEADER
fixed length control field 00367nam a2200145Ia 4500
008 - FIXED-LENGTH DATA ELEMENTS--GENERAL INFORMATION
fixed length control field 191201s2005 xx 000 0 und d
082 ## - DEWEY DECIMAL CLASSIFICATION NUMBER
Classification number 615.19 CAT
100 ## - MAIN ENTRY--PERSONAL NAME
Personal name CARTER, S.J
245 #0 - TITLE STATEMENT
Title Cooper and Gunns: Tutorial Pharmacy
250 ## - EDITION STATEMENT
Edition statement 6th
260 ## - PUBLICATION, DISTRIBUTION, ETC. (IMPRINT)
Name of publisher, distributor, etc CBS Pub and distribution
Place of publication, distribution, etc New Delhi
Date of publication, distribution, etc 2005
300 ## - PHYSICAL DESCRIPTION
Extent 2005
650 ## - SUBJECT ADDED ENTRY--TOPICAL TERM
Topical term or geographic name as entry element Pharmaceutics
942 ## - ADDED ENTRY ELEMENTS (KOHA)
Source of classification or shelving scheme Dewey Decimal Classification
Koha item type Text Books
Holdings
Withdrawn status Lost status Source of classification or shelving scheme Damaged status Not for loan Collection code Home library Current library Date acquired Source of acquisition Cost, normal purchase price Bill Number Total Checkouts Full call number Acc. no. / Barcode Date last seen Actual Cost, discounted price Bill Date Koha item type Date last borrowed
    Dewey Decimal Classification     Diploma in Pharmacy PIET C-LIBRARY PIET C-LIBRARY 30/10/2019 Kirti Prakashan 425.00 IN 4580   615.19 CAT DP782 04/12/2019 274.12 19/08/2019 Reference Books  
    Dewey Decimal Classification     Diploma in Pharmacy PIET C-LIBRARY PIET C-LIBRARY 30/10/2019 Kirti Prakashan 425.00 IN 4580   615.19 CAT DP783 04/12/2019 274.12 19/08/2019 Text Books  
    Dewey Decimal Classification     Diploma in Pharmacy PIET C-LIBRARY PIET C-LIBRARY 30/10/2019 Kirti Prakashan 425.00 IN 4580 1 615.19 CAT DP784 14/01/2020 274.12 19/08/2019 Text Books 23/12/2019
    Dewey Decimal Classification     Diploma in Pharmacy PIET C-LIBRARY PIET C-LIBRARY 30/10/2019 Kirti Prakashan 425.00 IN 4580   615.19 CAT DP785 04/12/2019 274.12 19/08/2019 Text Books  
    Dewey Decimal Classification     Diploma in Pharmacy PIET C-LIBRARY PIET C-LIBRARY 30/10/2019 Kirti Prakashan 425.00 IN 4580   615.19 CAT DP786 04/12/2019 274.12 19/08/2019 Text Books  

Design & Developed by: PIET Central Library
R70 Miles Stone Pattikalyana Samalkha Panipat 132102
mail ID :- [email protected], Phone No:- 0180-2569700 Ex.216